Milan Ac Buteurs - Statistiques

Statistiques générales
  • Ce quiz a été pris 297 fois
  • Le résultat moyen est 3 sur 25
Statistiques - réponses
Nb Buts Joueur Top % Correct
175 Andriy Shevchenko 2
74%
104 Kaka 9
73%
125 Marco van Basten 7
60%
92 Zlatan Ibrahimovic 11
31%
58 George Weah 24
24%
126 Filippo Inzaghi 6
22%
214 Gunnar Nordahl 1
12%
62 Clarence Seedorf 22
11%
63 Alexandre Pato 21
7%
163 Gianni Rivera 3
7%
150 Jose Altafini 4
3%
130 Aldo Boffi 5
2%
70 Daniele Massaro 18
2%
75 Marco Simone 16
2%
82 Nils Liedholm 14
2%
101 Pierino Prati 10
1%
90 Alberto Bigon 12
0%
65 Angelo Sormani 20
0%
57 Carlo Galli 25
0%
67 Giovanni Moretti 19
0%
105 Giuseppe Santagostino 8
0%
60 Luciano Chiarugi 23
0%
70 Pietro Arcari 17
0%
76 Pietro Paolo Virdis 15
0%
88 Renzo Burini 13
0%
Aucun quiz correspondant
Distribution des résultats
% des personnes avec chaque résultat
Percentile par nombre de réponses
Votre historique - résultats
Vous n’avez pas pris ce quiz